UM Logo

Individualized teacher frame of reference and student self-concept within and between school subjects / (Record no. 21834)

MARC details
000 -LEADER
fixed length control field 01223nam a22002777a 4500
003 - CONTROL NUMBER IDENTIFIER
control field OSt
005 - DATE AND TIME OF LATEST TRANSACTION
control field 20260224103814.0
008 - FIXED-LENGTH DATA ELEMENTS--GENERAL INFORMATION
fixed length control field 240924b ||||| |||| 00| 0 eng d
040 ## - CATALOGING SOURCE
Transcribing agency 000
082 ## - DEWEY DECIMAL CLASSIFICATION NUMBER
Classification number DPer 370.15 J826 January-February 2023 v. 115 n. 1-2
100 ## - MAIN ENTRY--PERSONAL NAME
Personal name Helm, Friederike.
Relator term author.
9 (RLIN) 61588
245 ## - TITLE STATEMENT
Title Individualized teacher frame of reference and student self-concept within and between school subjects /
Statement of responsibility, etc. Friederike Helm, Fabian Wolff, Jens Möller, Steffen Zitzmann, Herbert W. Marsh, and Theresa Dicke.
260 ## - PUBLICATION, DISTRIBUTION, ETC. (IMPRINT)
Place of publication, distribution, etc. Washington ;
Name of publisher, distributor, etc. American Psychological Association ,
Date of publication, distribution, etc. February 2023.
300 ## - PHYSICAL DESCRIPTION
Extent Volume 115, pages 309-329 :
Other physical details illustration ;
Dimensions 28 cm.
500 ## - GENERAL NOTE
General note Journal of Educational Psychology, vol. 115, no. 2, pages 309-329, February 2023.
650 #0 - SUBJECT ADDED ENTRY--TOPICAL TERM
Topical term or geographic name as entry element Teacher-student relationships.
9 (RLIN) 44560
650 #0 - SUBJECT ADDED ENTRY--TOPICAL TERM
Topical term or geographic name as entry element Individualized instruction.
9 (RLIN) 2103
650 #0 - SUBJECT ADDED ENTRY--TOPICAL TERM
Topical term or geographic name as entry element Self-concept.
9 (RLIN) 64928
700 ## - ADDED ENTRY--PERSONAL NAME
Personal name Helm, Friederike.
Relator term author.
9 (RLIN) 61588
700 ## - ADDED ENTRY--PERSONAL NAME
Personal name Wolff, Fabian.
Relator term author.
9 (RLIN) 61589
700 ## - ADDED ENTRY--PERSONAL NAME
Personal name Möller, Jens.
Relator term author.
9 (RLIN) 48866
700 ## - ADDED ENTRY--PERSONAL NAME
Personal name Zitzmann, Steffen.
Relator term author.
9 (RLIN) 61591
700 ## - ADDED ENTRY--PERSONAL NAME
Personal name Marsh, Herbert W.
Relator term author.
9 (RLIN) 61592
700 ## - ADDED ENTRY--PERSONAL NAME
Personal name Dicke, Theresa.
Relator term author.
9 (RLIN) 61593
942 ## - ADDED ENTRY ELEMENTS (KOHA)
Source of classification or shelving scheme Dewey Decimal Classification
Koha item type Periodicals
Holdings
Withdrawn status Lost status Source of classification or shelving scheme Damaged status Not for loan Collection code Home library Current library Date acquired Total Checkouts Full call number Date last seen Price effective from Koha item type Public note
    Dewey Decimal Classification     Periodicals UM Digos College - LIC UM Digos College - LIC 01/31/2025   DPer 370.15 J826 January-February 2023 v. 115 n. 1-2 01/31/2025 01/31/2025 Periodicals Periodical Article